Agricultural rent valuations: guidance notes (Record no. 87706)

MARC details
000 -LEADER
fixed length control field 00549cam a2200217 4500
001 - CONTROL NUMBER
control field D15032
008 - FIXED-LENGTH DATA ELEMENTS--GENERAL INFORMATION
fixed length control field 090401t1980 xxu||||| |||| 00| 0 eng d
035 ## - SYSTEM CONTROL NUMBER
System control number (Sirsi) u19753
041 ## - LANGUAGE CODE
Language code of text/sound track or separate title eng
050 ## - LIBRARY OF CONGRESS CALL NUMBER
Classification number 333.335
090 ## - LOCALLY ASSIGNED LC-TYPE CALL NUMBER (OCLC); LOCAL CALL NUMBER (RLIN)
Classification number (OCLC) (R) ; Classification number, CALL (RLIN) (NR) RICS 1980/98ABC
110 ## - MAIN ENTRY--CORPORATE NAME
Corporate name or jurisdiction name as entry element Royal Institution of Chartered Surveyors
9 (RLIN) 4900
245 ## - TITLE STATEMENT
Title Agricultural rent valuations: guidance notes
260 ## - PUBLICATION, DISTRIBUTION, ETC.
Name of publisher, distributor, etc. RICS
Date of publication, distribution, etc. 1980
300 ## - PHYSICAL DESCRIPTION
Extent 9p. 21cm
350 ## - PRICE (NR) (BK AM CF MU VM SE) [OBSOLETE]
Price 1
520 ## - SUMMARY, ETC.
Summary, etc. Filed in box RICS 1980/98 ABC
710 ## - ADDED ENTRY--CORPORATE NAME
Corporate name or jurisdiction name as entry element C.A.A.V.
9 (RLIN) 772
942 ## - ADDED ENTRY ELEMENTS (KOHA)
Suppress in OPAC 0
948 ## - LOCAL PROCESSING INFORMATION (OCLC); SERIES PART DESIGNATOR (RLIN)
c (OCLC) 04/03/1997
Holdings
Withdrawn status Lost status Source of classification or shelving scheme Damaged status Not for loan Home library Current library Shelving location Date acquired Cost, normal purchase price Total Checkouts Full call number Barcode Date last seen Copy number Cost, replacement price Price effective from Koha item type
    Dewey Decimal Classification     London London RICS Boxes 14/09/1999 1.00   RICS 1980/98 30005377 06/08/2019 1 1.00 06/08/2019 Reference material
    Dewey Decimal Classification     London London RICS Boxes 12/08/1991 1.00   RICS 1980/98 30005378 06/08/2019 2 1.00 06/08/2019 Book
    Dewey Decimal Classification     London London RICS Boxes 28/10/1991 1.00   RICS 1980/98 30025410 06/08/2019 3 1.00 06/08/2019 Reference material